Top 10 Mario Games - Statistics

General Stats
  • This quiz has been taken 44 times
  • The average score is 5 of 10
Answer Stats
Copies Sold Year Answer % Correct
40.24 1985 Super Mario Bros.
92%
17.28 1988 Super Mario Bros. 3
64%
12.72 2007 Super Mario Galaxy
62%
20.61 1990 Super Mario World
59%
36.83 2008 Mario Kart Wii
54%
18.14 1989 Super Mario Land
41%
30.8 2006 New Super Mario Bros.
38%
14.82 2011 Mario Kart 7
36%
23.6 2005 Mario Kart DS
36%
29.9 2009 New Super Mario Bros. Wii
33%
No matching quizzes found
Score Distribution
Percent of People with Each Score
Percentile by Number Answered
Your Score History
You have not taken this quiz